Testamento de Sor Juana Inés de la Cruz y otros documentos (Record no. 3776)

MARC details
000 -CABECERA
campo de control de longitud fija 00726nam a2200241 a 4500
001 - NÚMERO DE CONTROL
campo de control BRCA_4052
005 - FECHA Y HORA DE LA ÚLTIMA TRANSACCIÓN
campo de control 20190320204528.0
008 - DATOS DE LONGITUD FIJA--INFORMACIÓN GENERAL
campo de control de longitud fija 150210s1949----mx-a######---#000-0#spa-#
041 ## - CÓDIGO DE LENGUA
Código de lengua del texto/banda sonora o título independiente spa
044 ## - CÓDIGO DEL PAÍS DE LA ENTIDAD EDITORA/PRODUCTORA
Código MARC del país mx
050 #4 - SIGNATURA TOPOGRÁFICA DE LA BIBLIOTECA DEL CONGRESO
Número de clasificación PQ7296.J8
Número de documento/Ítem .C47 1949
100 1# - ENTRADA PRINCIPAL--NOMBRE DE PERSONA
Nombre de persona Cervantes, Enrique A.
9 (RLIN) 383
245 10 - MENCIÓN DE TÍTULO
Título Testamento de Sor Juana Inés de la Cruz y otros documentos
Mención de responsabilidad, etc. Enrique A. Cervantes.
260 ## - PUBLICACIÓN, DISTRIBUCIÓN, ETC.
Lugar de publicación, distribución, etc. México
Nombre del editor, distribuidor, etc. E. A. Cervantes
Fecha de publicación, distribución, etc. 1949
300 ## - DESCRIPCIÓN FÍSICA
Extensión 53 p.
Otras características físicas il
Dimensiones 28 cm
500 ## - NOTA GENERAL
Nota general Ejemplar numerado 472 de 500
500 ## - NOTA GENERAL
Nota general Grabado de la portada de Isidoro Campos
500 ## - NOTA GENERAL
Nota general incluye sumario
500 ## - NOTA GENERAL
Nota general C128
600 14 - PUNTO DE ACCESO ADICIONAL DE MATERIA--NOMBRE DE PERSONA
Nombre de persona Juana Inés de la Cruz
Títulos y otros términos asociados al nombre Sor
Fechas asociadas al nombre 1651-1695
Subdivisión general Testamento
9 (RLIN) 10511
902 ## - CATALOGADOR
Iniciales GFM
942 ## - ELEMENTOS DE PUNTO DE ACCESO ADICIONAL (KOHA)
Fuente del sistema de clasificación o colocación Library of Congress Classification
Tipo de ítem Koha Libros
Holdings
Estado de retiro Estado de pérdida Estado dañado No para préstamo Localización permanente Ubicación/localización actual Fecha de adquisición Número de inventario Total de préstamos Signatura topográfica completa Código de barras Fecha visto por última vez Precio válido a partir de Tipo de ítem Koha
El ejemplar forma parte de la colección y puede ser consultado según las políticas vigentes.       Biblioteca del Museo Franz Mayer (Rogerio Casas-Alatriste) Biblioteca del Museo Franz Mayer (Rogerio Casas-Alatriste) 15/02/2010 C128   PQ7296.J8 .C47 1949 (C128) 4049 22/03/2019 22/03/2019 Libros